KOHA-Header-6

Genomes 4 (Record no. 2115)

000 -LEADER
fixed length control field 00285nam a2200121Ia 4500
008 - FIXED-LENGTH DATA ELEMENTS--GENERAL INFORMATION
fixed length control field 190802s9999 xx 000 0 und d
020 ## - INTERNATIONAL STANDARD BOOK NUMBER
International Standard Book Number 978-0-8153-4508-4
100 ## - MAIN ENTRY--PERSONAL NAME
Personal name T.A.Brown
245 #0 - TITLE STATEMENT
Title Genomes 4
260 ## - PUBLICATION, DISTRIBUTION, ETC. (IMPRINT)
Place of publication, distribution, etc New Yrok
Name of publisher, distributor, etc Garland Science
Date of publication, distribution, etc 2018
300 ## - PHYSICAL DESCRIPTION
Extent 520:p
942 ## - ADDED ENTRY ELEMENTS (KOHA)
Koha item type Books
Holdings
Withdrawn status Lost status Source of classification or shelving scheme Damaged status Not for loan Collection code Permanent Location Current Location Shelving location Date acquired Total Checkouts Full call number Barcode Date last seen Date checked out Price effective from Koha item type
          Bio Sciences MAJU MAJU Shelf No.A36 2019-08-03 1 572.86 8738 2025-09-08 2019-11-21 2019-08-03 Books

Powered by Koha